00524nam a2200181Ia 450000500170000000800410001702000150005808200130007310000350008624500530012126000110017430000180018565000130020365000120021694200060022895200950023499900130032920250516013751.0240331s9999 xx 000 0 und d a9971842459 a294bKAL aKalyanawansa , Bikku Hanwelle 0aSinhala Gee Sahitha Pirith Desana ha Bodi Pujawa bAuthor aiii, 100 p ., aBuddhism aHistory cL 001040708LaWERCLbWERCLcSSCd2024-03-31l0o 294 KALp3773r2024-03-31w2024-03-31yL c895d895